000 00570nam a2200205Ii 4500
001 7631
003 CO-ViMGA
008 241108s9999||||xx |||||||||||||| ||und||
040 _aCO-ViMGA
_bspa
_erda
_cCO-ViMGA
041 0 _aspa
084 _aC GRI1m
100 1 _aWilhelm Karl Grimm
_952641
245 1 0 _aMadre nieve y otros cuentos
264 1 _aMadrid, EspaƱa : Labor, 1981
300 _avolumen
336 _atext
_btxt
_2rdacontent
337 _aunmediated
_bn
_2rdamedia
338 _avolume
_bnc
_2rdacarrier
940 _aidficha_siabuc: 7456. -- ficha_no_siabuc:7631
999 _c47438
_d47438